Something from nothing / (Record no. 104617)
[ view plain ]
| 000 -LEADER | |
|---|---|
| fixed length control field | 00397nam a2200157 a 4500 |
| 005 - DATE AND TIME OF LATEST TRANSACTION | |
| control field | 20140412111325.0 |
| 008 - FIXED-LENGTH DATA ELEMENTS--GENERAL INFORMATION | |
| fixed length control field | 110117s19uu xx 00 eng d |
| 020 ## - INTERNATIONAL STANDARD BOOK NUMBER | |
| International Standard Book Number | 0-590-72827-x |
| 050 ## - LIBRARY OF CONGRESS CALL NUMBER | |
| Classification number | BB |
| Item number | So51 1992 |
| 100 ## - MAIN ENTRY--PERSONAL NAME | |
| Personal name | Gilman, Phoebe |
| 245 ## - TITLE STATEMENT | |
| Title | Something from nothing / |
| Statement of responsibility, etc | Phoebe Gilman. |
| 260 ## - PUBLICATION, DISTRIBUTION, ETC. (IMPRINT) | |
| Place of publication, distribution, etc | NY : |
| Name of publisher, distributor, etc | Scholastic, |
| Date of publication, distribution, etc | 1992. |
| 300 ## - PHYSICAL DESCRIPTION | |
| Extent | 27p. |
| 650 ## - SUBJECT ADDED ENTRY--TOPICAL TERM | |
| Topical term or geographic name as entry element | Recycling |
| Withdrawn status | Lost status | Damaged status | Home library | Current library | Shelving location | Date acquired | Source of acquisition | Total Checkouts | Full call number | Barcode | Date last seen | Price effective from | Koha item type |
|---|---|---|---|---|---|---|---|---|---|---|---|---|---|
| Elizalde Library | Elizalde Library | Big Books Section | 01/17/2011 | BB So51 1992 | E8375 | 04/12/2014 | 04/12/2014 | Books |